[Event "Ruhrgebiet Verbandsklasse Gruppe 2 1718"]
[Site "Germany"]
[Date "2018.02.04"]
[Round "6.7"]
[White "Gajda, Peter"]
[Black "Floeren, Philipp"]
[Result "0-1"]
[WhiteElo "1812"]
[BlackElo "1874"]
[PlyCount "92"]
[EventDate "2017.09.17"]
[EventType "team-tourn"]
[EventRounds "9"]
[EventCountry "GER"]
[SourceTitle "EXT 2022"]
[Source "ChessBase"]
[SourceDate "2021.10.06"]
[SourceVersion "1"]
[SourceVersionDate "2021.10.06"]
[SourceQuality "1"]
[WhiteTeam "Kirchhellen SF"]
[BlackTeam "Bochum SV II"]
[WhiteTeamCountry "GER"]
[BlackTeamCountry "GER"]

1. e4 d6 2. d4 Nf6 3. Nc3 g6 4. h3 c6 5. Be3 b5 6. a3 Qa5 7. Bd3 Nbd7 8. Nf3 Bg7 9. 0-0 0-0 10. Qd2 a6 11. Nd5 Qd8 12. Nxf6+ Nxf6 13. Bh6 c5 14. Bxg7 Kxg7 15. e5 dxe5 16. dxe5 Nd5 17. Be4 Bb7 18. Bxd5 Qxd5 19. Qxd5 Bxd5 20. Rad1 Bxf3 21. gxf3 Rfd8 22. Rfe1 g5 23. Kg2 Kg6 24. Kg3 Kf5 25. c3 e6 26. Rd6 Rxd6 27. exd6 Rd8 28. Rd1 Rd7 29. Rd2 h5 30. h4 f6 31. f4 gxf4+ 32. Kf3 c4 33. a4 Ke5 34. axb5 axb5 35. Re2+ Kxd6 36. Kxf4 Ke7 37. f3 Rd3 38. Rg2 e5+ 39. Ke4 Ke6 40. Rg6 Rd1 41. Ke3 Rh1 42. Rg8 Rh2 43. Rh8 f5 44. Re8+ Kd6 45. Rd8+ Ke7 46. Rd5 Ke6 0-1

[Event "Ruhrgebiet Verbandsklasse Gruppe 2 1718"]
[Site "Germany"]
[Date "2017.10.08"]
[Round "2.6"]
[White "Floeren, Philipp"]
[Black "Eusgeld, Michael"]
[Result "0-1"]
[WhiteElo "1874"]
[BlackElo "1811"]
[PlyCount "50"]
[EventDate "2017.09.17"]
[EventType "team-tourn"]
[EventRounds "9"]
[EventCountry "GER"]
[SourceTitle "EXT 2022"]
[Source "ChessBase"]
[SourceDate "2021.10.06"]
[SourceVersion "1"]
[SourceVersionDate "2021.10.06"]
[SourceQuality "1"]
[WhiteTeam "Bochum SV II"]
[BlackTeam "Essen SK Germania Kupferdreh"]
[WhiteTeamCountry "GER"]
[BlackTeamCountry "GER"]

1. e4 e6 2. f4 d5 3. Nc3 Bb4 4. e5 Ne7 5. d4 Nf5 6. Nf3 c5 7. a3 cxd4 8. axb4 dxc3 9. bxc3 Bd7 10. Bd3 Nh4 11. Nxh4 Qxh4+ 12. g3 Qd8 13. Be3 0-0 14. Bxa7 b6 15. Bxb8 Qxb8 16. c4 dxc4 17. Bxc4 Bc6 18. 0-0 Rd8 19. Qe2 Qc7 20. Rxa8 Bxa8 21. Ra1 Qc6 22. Kf2 Qg2+ 23. Ke1 Qg1+ 24. Qf1 Qe3+ 25. Qe2 Qc3+ 0-1

[Event "Ruhrgebiet Verbandsklasse Gruppe 2 1718"]
[Site "Germany"]
[Date "2017.09.17"]
[Round "1.7"]
[White "Floeren, Philipp"]
[Black "Barth, Hans Joachim"]
[Result "1-0"]
[WhiteElo "1874"]
[BlackElo "1693"]
[PlyCount "39"]
[EventDate "2017.09.17"]
[EventType "team-tourn"]
[EventRounds "9"]
[EventCountry "GER"]
[SourceTitle "EXT 2022"]
[Source "ChessBase"]
[SourceDate "2021.10.06"]
[SourceVersion "1"]
[SourceVersionDate "2021.10.06"]
[SourceQuality "1"]
[WhiteTeam "Bochum SV II"]
[BlackTeam "Hoentrop SG"]
[WhiteTeamCountry "GER"]
[BlackTeamCountry "GER"]

1. e4 c5 2. Nf3 d6 3. d4 cxd4 4. Nxd4 Nf6 5. Nc3 g6 6. f3 Bg7 7. Be3 0-0 8. Bc4 Nc6 9. Qd2 Bd7 10. Nxc6 bxc6 11. Bh6 Qb6 12. h4 Bxh6 13. Qxh6 Qxb2 14. Kd2 Qb4 15. Bd3 Qc5 16. h5 e5 17. Raf1 Be6 18. Qg5 Nd7 19. hxg6 fxg6 20. Qe7 1-0

[Event "Ruhrgebiet Verbandsklasse Gruppe 2 1617"]
[Site "Germany"]
[Date "2017.04.30"]
[Round "9.6"]
[White "Floeren, Philipp"]
[Black "Volling, Andreas"]
[Result "1/2-1/2"]
[WhiteElo "1874"]
[BlackElo "1825"]
[PlyCount "154"]
[EventDate "2016.09.04"]
[EventType "team-tourn"]
[EventRounds "9"]
[EventCountry "GER"]
[SourceTitle "EXT 2022"]
[Source "ChessBase"]
[SourceDate "2021.10.06"]
[SourceVersion "1"]
[SourceVersionDate "2021.10.06"]
[SourceQuality "1"]
[WhiteTeam "Bochum SV II"]
[BlackTeam "Boenen SV"]
[WhiteTeamCountry "GER"]
[BlackTeamCountry "GER"]

1. e4 e5 2. f4 exf4 3. Nf3 d5 4. exd5 Nf6 5. d4 Nxd5 6. Bc4 Be7 7. 0-0 Be6 8. Bxd5 Bxd5 9. Bxf4 0-0 10. Nc3 c5 11. Kh1 Nc6 12. dxc5 Bxf3 13. Qxf3 Qd4 14. Rad1 Qxc5 15. Rd5 Qb4 16. Rb5 Qc4 17. Rxb7 Nd4 18. Qf2 Bc5 19. Be3 Rae8 20. Rc7 Rxe3 21. Rxc5 Qxc5 22. Qxe3 Qb6 23. Nd5 Qb5 24. Ne7+ Kh8 25. Qd3 Qxb2 26. h3 Ne6 27. a4 Qd4 28. Qf5 g6 29. Qb5 Kg7 30. Nc6 Qc5 31. c4 Qe3 32. a5 f6 33. Nb4 Rf7 34. Nd5 Qd3 35. Rf3 Qd1+ 36. Kh2 Ng5 37. Re3 Qd2 38. a6 h5 39. Qc6 Qd4 40. Qc8 Ne4 41. Qc6 Nd2 42. Re8 h4 43. Ne3 f5 44. Qc8 Qd6+ 45. Kh1 Ne4 46. Rh8 Ng3+ 47. Kg1 f4 48. Nd5 Rf8 49. Rxf8 Qxf8 50. Qxf8+ Kxf8 51. Nxf4 Kf7 52. Nd3 g5 53. Kf2 Kf6 54. Ke3 Nf5+ 55. Ke4 Ne7 56. Ne5 Ke6 57. c5 Nd5 58. Nf3 Nc7 59. Nxg5+ Kf6 60. Nf3 Nxa6 61. Kd5 Nc7+ 62. Kc4 Ne6 63. Nxh4 Nf4 64. Kb5 Ke6 65. c6 Nd5 66. Ng6 Kd6 67. g4 Nc7+ 68. Kc4 Kxc6 69. Nf4 Kd6 70. h4 a6 71. h5 Ke5 72. h6 Ne8 73. g5 Nd6+ 74. Kb4 Nf7 75. h7 Nh8 76. g6 Kf6 77. Ka5 Kg7 1/2-1/2

[Event "Ruhrgebiet Verbandsklasse Gruppe 3 1516"]
[Site "Germany"]
[Date "2016.01.24"]
[Round "6.5"]
[White "Pahne, Dirk"]
[Black "Floeren, Philipp"]
[Result "1/2-1/2"]
[WhiteElo "1887"]
[BlackElo "1909"]
[PlyCount "71"]
[EventDate "2015.09.06"]
[EventType "team-tourn"]
[EventRounds "9"]
[EventCountry "GER"]
[SourceTitle "EXT 2022"]
[Source "ChessBase"]
[SourceDate "2021.10.06"]
[SourceVersion "1"]
[SourceVersionDate "2021.10.06"]
[SourceQuality "1"]
[WhiteTeam "Eving SV Rochade"]
[BlackTeam "Bochum SV II"]
[WhiteTeamCountry "GER"]
[BlackTeamCountry "GER"]

1. e4 d6 2. d4 Nf6 3. Nc3 g6 4. Be2 Bg7 5. Bg5 h6 6. Be3 c6 7. Qd2 b5 8. a3 Ng4 9. Bxg4 Bxg4 10. f3 Bd7 11. Nge2 Na6 12. 0-0 Nc7 13. Rad1 a5 14. Nc1 b4 15. axb4 axb4 16. N3e2 Na6 17. Nd3 Qb8 18. Ra1 Qb5 19. Nxb4 0-0 20. Nd3 h5 21. Ra5 Qb7 22. Rfa1 Nc7 23. Qc1 Rfb8 24. c3 Rxa5 25. Rxa5 Be6 26. b4 Bc4 27. Qd2 Ra8 28. Rxa8+ Qxa8 29. Nec1 Qa1 30. Nb2 Be6 31. Kf2 Nb5 32. Ne2 Qa3 33. c4 Nc7 34. Qc3 Qa1 35. Qc1 Qa3 36. Qc3 1/2-1/2

[Event "Ruhrgebiet Verbandsklasse Gruppe 3 1516"]
[Site "Germany"]
[Date "2015.09.27"]
[Round "2"]
[White "Floeren, Philipp"]
[Black "Hoefker, Mathias"]
[Result "0-1"]
[WhiteElo "1909"]
[BlackElo "2068"]
[PlyCount "32"]
[EventDate "2015.09.06"]
[EventType "team-tourn"]
[EventRounds "9"]
[EventCountry "GER"]
[SourceTitle "EXT 2022"]
[Source "ChessBase"]
[SourceDate "2021.10.06"]
[SourceVersion "1"]
[SourceVersionDate "2021.10.06"]
[SourceQuality "1"]
[WhiteTeam "Bochum SV II"]
[BlackTeam "Recklinghausen Sued"]
[WhiteTeamCountry "GER"]
[BlackTeamCountry "GER"]

1. e4 c5 2. Nf3 Nc6 3. d4 cxd4 4. Nxd4 e5 5. Nb5 d6 6. c3 a6 7. N5a3 Nf6 8. f3 Be7 9. Be3 d5 10. Nd2 0-0 11. Qb3 d4 12. Bg5 Be6 13. c4 b5 14. Qd3 Nb4 15. Qb1 d3 16. Be3 Rc8 0-1

[Event "Ruhrgebiet Verbandsliga1 1213"]
[Site "Nordrheinwestfalen"]
[Date "2013.02.24"]
[Round "7"]
[White "Kuttnick, Helmut"]
[Black "Floeren, Philipp"]
[Result "0-1"]
[WhiteElo "1807"]
[BlackElo "1849"]
[PlyCount "104"]
[EventDate "2012.09.02"]
[EventType "team-tourn"]
[EventRounds "9"]
[EventCountry "GER"]
[SourceTitle "EXT 2020"]
[Source "ChessBase"]
[SourceDate "2019.10.17"]
[SourceVersion "1"]
[SourceVersionDate "2019.10.17"]
[SourceQuality "1"]
[WhiteTeam "Dortmund SV"]
[BlackTeam "Bochum SV II"]
[WhiteTeamCountry "GER"]
[BlackTeamCountry "GER"]

1. d4 d6 2. e4 Nf6 3. Nd2 g6 4. Ngf3 Bg7 5. Be2 0-0 6. 0-0 Re8 7. c3 e5 8. dxe5 dxe5 9. Qc2 Nh5 10. Rd1 Nf4 11. Bf1 Qf6 12. Nc4 Bg4 13. Bxf4 Bxf3 14. gxf3 Qxf4 15. Qe2 Nc6 16. Rd7 Rac8 17. Rad1 Nd8 18. Bh3 Qh4 19. Qf1 Ne6 20. Bxe6 Rxe6 21. Qg2 h5 22. Ne3 Rf6 23. Nd5 Rd6 24. Rxd6 cxd6 25. Qg3 Qd8 26. Qh3 Rc5 27. b4 Rc6 28. a4 a5 29. Qf1 axb4 30. cxb4 Kh7 31. Ne3 Bh6 32. b5 Rc3 33. Qe2 Ra3 34. Qb2 Qg5+ 35. Kf1 Rxe3 36. fxe3 Qxe3 37. Qf2 Qb3 38. Rxd6 Qxa4 39. Qe2 Bf4 40. Rd7 b6 41. Rxf7+ Kh6 42. Rc7 Bg5 43. Kg2 Qd4 44. Qf2 Be3 45. Qe2 Bf4 46. Rc6 Qd8 47. Kh1 h4 48. Qf2 h3 49. Qf1 Kg7 50. Qg1 g5 51. Qxb6 Qd1+ 52. Qg1 Qxf3+ 0-1

[Event "Goch op 19th"]
[Site "Goch"]
[Date "2008.10.12"]
[Round "7"]
[White "Orhan, Eda"]
[Black "Floeren, Philipp"]
[Result "0-1"]
[WhiteElo "1539"]
[BlackElo "1864"]
[PlyCount "90"]
[EventDate "2008.10.09"]
[EventType "swiss"]
[EventRounds "7"]
[EventCountry "GER"]
[SourceTitle "EXT 2011"]
[Source "ChessBase"]
[SourceDate "2010.11.26"]
[SourceVersion "1"]
[SourceVersionDate "2010.11.26"]
[SourceQuality "1"]

1. d4 e6 2. Nf3 b6 3. e3 Bb7 4. Bd3 Nf6 5. 0-0 d5 6. Nbd2 Nbd7 7. b3 Bd6 8. Bb2 0-0 9. Ne5 c5 10. f4 Ne4 11. Nxe4 dxe4 12. Bc4 Nf6 13. Qe1 Rc8 14. Qg3 a6 15. a4 cxd4 16. Bxd4 Bc5 17. Bxc5 Rxc5 18. b4 Rc7 19. Rfd1 Qe7 20. b5 a5 21. Qe1 Rfc8 22. Qd2 Nd5 23. Bb3 Qc5 24. Bxd5 exd5 25. c4 f6 26. Nc6 Bxc6 27. bxc6 dxc4 28. Qd4 Qxd4 29. Rxd4 Rxc6 30. Rxe4 c3 31. Rc1 Rc4 32. Re6 c2 33. Rxb6 Rb4 34. Rb5 Rxa4 35. Rb2 Rac4 36. Kf2 Kf7 37. Ke2 Ke6 38. Ra2 a4 39. Ra3 Kd5 40. Kd3 f5 41. Ra2 Rc3+ 42. Kd2 a3 43. Raxc2 Rxc2+ 44. Rxc2 Rxc2+ 45. Kxc2 Ke4 0-1

[Event "Goch op 18th"]
[Site "Goch"]
[Date "2007.10.06"]
[Round "4"]
[White "Ebeling, Jens"]
[Black "Floeren, Philipp"]
[Result "1-0"]
[WhiteElo "2066"]
[BlackElo "1698"]
[PlyCount "59"]
[EventDate "2007.10.04"]
[EventType "swiss"]
[EventRounds "7"]
[EventCountry "GER"]
[SourceTitle "EXT 2011"]
[Source "ChessBase"]
[SourceDate "2010.11.26"]
[SourceVersion "1"]
[SourceVersionDate "2010.11.26"]
[SourceQuality "1"]

1. e4 e6 2. d4 d5 3. e5 c5 4. c3 Nc6 5. Nf3 Qb6 6. Bd3 Bd7 7. dxc5 Bxc5 8. 0-0 Nge7 9. b4 Nxb4 10. cxb4 Bxb4 11. Be3 Bc5 12. Bxc5 Qxc5 13. Nbd2 Nc6 14. Nb3 Qe7 15. Rc1 Rc8 16. Bb5 0-0 17. Bxc6 bxc6 18. Nc5 Rb8 19. Qa4 Be8 20. Nd4 Rb6 21. Rc3 Qc7 22. f4 g6 23. Rfc1 h6 24. Ra3 Qb8 25. Qxa7 Qxa7 26. Rxa7 Rb4 27. Ncb3 c5 28. Rxc5 Ba4 29. g3 Bxb3 30. Nxb3 1-0